Web Journalism (Record no. 221778)
[ view plain ]
| 000 -LEADER | |
|---|---|
| fixed length control field | 00614nam a22002177a 4500 |
| 005 - DATE AND TIME OF LATEST TRANSACTION | |
| control field | 20250725161612.0 |
| 008 - FIXED-LENGTH DATA ELEMENTS--GENERAL INFORMATION | |
| fixed length control field | 220309b ||||| |||| 00| 0 eng d |
| 020 ## - INTERNATIONAL STANDARD BOOK NUMBER | |
| International Standard Book Number | 9789381031674 |
| 040 ## - CATALOGING SOURCE | |
| Transcribing agency | AL |
| 041 ## - LANGUAGE CODE | |
| Language code of text/sound track or separate title | English |
| 082 ## - DEWEY DECIMAL CLASSIFICATION NUMBER | |
| Edition number | 23 |
| Classification number | 070.4 |
| Item number | AROW |
| 100 ## - MAIN ENTRY--PERSONAL NAME | |
| Personal name | Rakesh Arora |
| 100 ## - MAIN ENTRY--PERSONAL NAME | |
| 9 (RLIN) | 220237 |
| 245 ## - TITLE STATEMENT | |
| Title | Web Journalism |
| 260 ## - PUBLICATION, DISTRIBUTION, ETC. | |
| Place of publication, distribution, etc. | New Delhi |
| Name of publisher, distributor, etc. | Arise Publishers and Distributors |
| Date of publication, distribution, etc. | 2012 |
| 300 ## - PHYSICAL DESCRIPTION | |
| Extent | 264 p. |
| Other physical details | HB |
| Dimensions | 21x13 cm. |
| 365 ## - TRADE PRICE | |
| Price type code | VBI-1348 |
| Price amount | ₹675.00 |
| Currency code | ₹ |
| Unit of pricing | ₹900.00 |
| Price note | 25% |
| Price effective from | 21-02-2022 |
| 650 ## - SUBJECT ADDED ENTRY--TOPICAL TERM | |
| Topical term or geographic name entry element | Journalism |
| 9 (RLIN) | 23176 |
| 650 ## - SUBJECT ADDED ENTRY--TOPICAL TERM | |
| Topical term or geographic name entry element | Social Media |
| 9 (RLIN) | 23177 |
| 650 ## - SUBJECT ADDED ENTRY--TOPICAL TERM | |
| Topical term or geographic name entry element | News Media |
| 9 (RLIN) | 23178 |
| 942 ## - ADDED ENTRY ELEMENTS (KOHA) | |
| Source of classification or shelving scheme | Dewey Decimal Classification |
| Koha item type | Book |
| Withdrawn status | Lost status | Source of classification or shelving scheme | Damaged status | Not for loan | Collection code | Home library | Current library | Shelving location | Date acquired | Source of acquisition | Cost, normal purchase price | Total Checkouts | Full call number | Barcode | Date last seen | Cost, replacement price | Price effective from | Koha item type |
|---|---|---|---|---|---|---|---|---|---|---|---|---|---|---|---|---|---|---|
| Dewey Decimal Classification | Reference Book | Journalism | St Aloysius Library | St Aloysius Library | Reference Section | 03/04/2022 | Vidyarthi Books | 675.00 | 070.4 AROW | 075574 | 03/09/2022 | 900.00 | 03/09/2022 | Reference |